Vapor-plating: the formation of coatings by vapor-deposition techniques /

Bibliographic Details
Corporate Author: Battelle Memorial Institute
Other Authors: Powell, Carrol F.
Format: Book
Language:English
Published: New York : Wiley, [1955]
Series:Electrochemical Society series.
Subjects:

MARC

Tag First Indicator Second Indicator Subfields
LEADER 00000cam a2200000 4500
001 in00000021778
005 20151007063730.0
008 751023s1955 nyua b 00010 eng
010 |a  55008244  
035 |a (OCoLC)01729518 
035 |9 AAD8114AM 
040 |a DLC  |c TNH  |d TXA  |d UtOrBLW 
049 |a TXAM  |c [379258] 
050 0 0 |a TS695  |b .B3 
082 0 |a 671.73* 
092 |a 671.73  |b B335v 
110 2 |a Battelle Memorial Institute. 
245 1 0 |a Vapor-plating: the formation of coatings by vapor-deposition techniques /  |c by C. F. Powell, I. E. Campbell, and B. W. Gonser [of] Battelle Memorial Institute. 
264 1 |a New York :  |b Wiley,  |c [1955] 
264 4 |c ©1955 
300 |a 158 pages :  |b illustrations ;  |c 24 cm. 
336 |a text  |b txt  |2 rdacontent 
337 |a unmediated  |b n  |2 rdamedia 
338 |a volume  |b nc  |2 rdacarrier 
490 1 |a The Electrochemical Society series 
504 |a Includes bibliography. 
650 0 |a Vapor-plating. 
700 1 |a Powell, Carrol F. 
830 0 |a Electrochemical Society series. 
999 |a MARS 
999 f f |s 8175af63-98ab-3a36-a2c4-dbcfcede3bbf  |i 92e0e75b-1235-30f0-9040-768ee36f8f8b  |t 0 
952 f f |p ric  |a Texas A&M University  |b Rellis Campus  |c Joint Library Facility  |d Remote Storage  |t 0  |e TS695 .B3  |h Library of Congress classification  |i unmediated -- volume  |m A14801128921 
998 f f |a TS695 .B3  |t 0  |l Remote Storage